[Event "Karpos Open 2013"]
[Site "Skopje MKD"]
[Date "2013.03.10"]
[Round "3.58"]
[White "Mihajlovski, Petre"]
[Black "Zupe, Miran"]
[Result "1/2-1/2"]
[BlackTitle "IM"]
[WhiteElo "2012"]
[BlackElo "2308"]
[WhiteFideId "15003051"]
[BlackFideId "14600277"]
[EventDate "2013.03.09"]

1. d4 Nf6 2. c4 c5 3. Nf3 g6 4. Nc3 cxd4 5. Nxd4 Bg7 6. e4 d6 7. Be2 O-O 8. Be3
Nc6 9. O-O Bd7 10. f3 a6 11. Qd2 Rc8 12. Rac1 Nxd4 13. Bxd4 Qa5 14. Qe3 Be6 15.
Bb6 Qh5 16. Nd5 Bxd5 17. cxd5 Nd7 18. Bd4 1/2-1/2

[Event "Karpos Open 2013"]
[Site "Skopje MKD"]
[Date "2013.03.10"]
[Round "3.59"]
[White "Ben Artzi, Ido"]
[Black "Stojanovski, Stefan"]
[Result "1-0"]
[WhiteElo "2307"]
[BlackElo "1989"]
[WhiteFideId "2810913"]
[BlackFideId "15002446"]
[EventDate "2013.03.09"]

1. d4 Nf6 2. c4 c5 3. d5 b5 4. cxb5 a6 5. bxa6 Bxa6 6. Nc3 d6 7. Nf3 g6 8. g3
Bg7 9. Bg2 Nbd7 10. Rb1 O-O 11. O-O Qa5 12. Bd2 Rfb8 13. Qc2 Ng4 14. b3 Bb7 15.
a4 Qa7 16. Rfd1 c4 17. e3 cxb3 18. Rxb3 Bxc3 19. Bxc3 Qxa4 20. Rd4 Qa6 21. Rxg4 1-0

[Event "Karpos Open 2013"]
[Site "Skopje MKD"]
[Date "2013.03.10"]
[Round "3.60"]
[White "Semsiu, Agim"]
[Black "Goriatchkin, Jouri"]
[Result "0-1"]
[BlackTitle "FM"]
[WhiteElo "2010"]
[BlackElo "2302"]
[WhiteFideId "15002888"]
[BlackFideId "4120183"]
[EventDate "2013.03.09"]

1. e4 e6 2. d4 d5 3. Nc3 Nf6 4. e5 Nfd7 5. Nf3 c5 6. Bb5 Nc6 7. Bxc6 bxc6 8. O-O
Be7 9. Re1 O-O 10. Bf4 cxd4 11. Nxd4 Qb6 12. Nb3 c5 13. Rb1 a5 14. Qg4 f5 15.
Qg3 Bb7 16. Nd2 d4 17. Na4 Qc6 18. b3 Rf7 19. Nc4 g5 20. Bd2 g4 21. f3 Rg7 22.
Kf1 gxf3 23. Qxf3 Rxg2 24. Qxc6 Bxc6 25. Re2 Rxe2 26. Kxe2 Kf7 27. Rg1 Bb5 28.
Bf4 Bxc4+ 29. bxc4 Rb8 30. a3 Nf8 31. Bg5 Bxg5 32. Rxg5 Nd7 33. Rh5 Kg6 34. Rh3
Rc8 35. Rg3+ Kf7 36. Rh3 Nxe5 37. Rxh7+ Kg6 38. Ra7 Nxc4 39. Kd3 Ne5+ 40. Ke2 c4
41. Rxa5 Kf6 42. Nb6 Rh8 43. Rc5 Rxh2+ 44. Kd1 d3 45. cxd3 cxd3 0-1

[Event "Karpos Open 2013"]
[Site "Skopje MKD"]
[Date "2013.03.10"]
[Round "3.61"]
[White "Piskur, Mitja"]
[Black "Dizdarevic, Barbara"]
[Result "1/2-1/2"]
[WhiteTitle "FM"]
[WhiteElo "2301"]
[BlackElo "1981"]
[WhiteFideId "14600943"]
[BlackFideId "938572"]
[EventDate "2013.03.09"]

1. e4 c5 2. Nf3 Nc6 3. d3 g6 4. g3 Bg7 5. Bg2 d6 6. O-O Nf6 7. Nbd2 O-O 8. a4
Rb8 9. c3 b6 10. Re1 Qc7 11. Nc4 Ba6 12. Bf4 Nd7 13. Bf1 Nde5 14. Nfxe5 Nxe5 15.
Ne3 Bb7 16. d4 Nc6 17. d5 Ne5 18. h4 Nd7 19. h5 Nf6 20. hxg6 fxg6 21. Bg2 Bc8
22. Qd2 Nh5 23. Bg5 h6 24. g4 hxg5 25. gxh5 gxh5 26. Qe2 g4 27. Nf5 Bf6 28. Qe3
Bxf5 29. exf5 Kg7 30. Qf4 Rg8 31. Re6 Kf7 32. Qh6 h4 33. Rae1 Qd8 34. R1e4 h3
35. Bf1 Rg5 36. Qh7+ Kf8 37. Bb5 Rg7 38. Qh8+ Rg8 39. Qh5 Rg5 40. Qh7 Rg7 41.
Qh6 Kg8 42. Qh5 Qf8 43. Bd7 Qf7 44. Qh6 Bg5 45. Qxg7+ Kxg7 46. Rg6+ Kh8 47. Rxg5
h2+ 48. Kh1 Qxd5 49. Rxg4 Rg8 50. Rh4+ Kg7 51. Be6 Qd1+ 52. Kxh2 Rh8 53. Rxh8
Kxh8 54. Rh4+ Kg7 55. f4 Qe2+ 56. Kg3 Qe3+ 57. Kg2 Qe2+ 58. Kg3 Qe1+ 59. Kh3
Qf1+ 60. Kg3 Qg1+ 1/2-1/2

[Event "Karpos Open 2013"]
[Site "Skopje MKD"]
[Date "2013.03.10"]
[Round "3.62"]
[White "Organdziev, Oliver"]
[Black "Nikolovski, Nikola"]
[Result "1-0"]
[WhiteTitle "FM"]
[WhiteElo "2293"]
[BlackElo "1965"]
[WhiteFideId "15000419"]
[BlackFideId "15002314"]
[EventDate "2013.03.09"]

1. e4 d5 2. Nc3 dxe4 3. Nxe4 Bf5 4. Ng3 Bg6 5. h4 h6 6. Nf3 e6 7. Ne5 Qf6 8.
Nxg6 Qxg6 9. d4 Nc6 10. Bb5 Bd6 11. h5 Qf6 12. Ne4 Qe7 13. Qf3 Qd7 14. Be3 Nge7
15. O-O-O a6 16. Ba4 f5 17. Nc5 Qc8 18. Rhe1 O-O 19. Nxe6 Rf6 20. Bb3 Kh8 21.
Bf4 Qd7 22. Be5 Rxe6 23. Bxe6 Qxe6 24. Bxg7+ 1-0

[Event "Karpos Open 2013"]
[Site "Skopje MKD"]
[Date "2013.03.10"]
[Round "3.63"]
[White "Danov, Radi"]
[Black "Ratkovic, Milovan"]
[Result "0-1"]
[WhiteElo "1993"]
[BlackElo "2291"]
[WhiteFideId "2916185"]
[BlackFideId "914525"]
[EventDate "2013.03.09"]

1. e4 c6 2. d4 d5 3. exd5 cxd5 4. c4 Nf6 5. Nc3 e6 6. Nf3 Be7 7. c5 O-O 8. Bd3
Nc6 9. a3 Qc7 10. Bg5 Rd8 11. Qe2 h6 12. Bh4 Nh5 13. Bxe7 Qxe7 14. O-O e5 15.
Nxe5 Nf4 16. Qe3 Nxe5 17. dxe5 Qg5 18. g3 Nxd3 19. Qxd3 Qxe5 20. Rfe1 Qg5 21. f4
Qg4 22. Re5 d4 23. Nb5 Bd7 24. Nd6 Bc6 25. Nf5 Kf8 26. Nd6 Kg8 27. Rae1 b6 28.
Nf5 Qf3 29. Qxf3 Bxf3 30. Kf2 Bg4 31. c6 d3 32. c7 d2 33. cxd8=Q+ Rxd8 34. Ne7+
Kf8 35. Nc6 dxe1=Q+ 36. Kxe1 Rd1+ 37. Kf2 Rd2+ 0-1

[Event "Karpos Open 2013"]
[Site "Skopje MKD"]
[Date "2013.03.10"]
[Round "3.64"]
[White "Hadzimanolis, Antonios"]
[Black "Gonzalez Espana, Maria Gabriela"]
[Result "1-0"]
[WhiteTitle "FM"]
[WhiteElo "2289"]
[BlackElo "1958"]
[WhiteFideId "4202813"]
[BlackFideId "22273417"]
[EventDate "2013.03.09"]

1. Nf3 Nf6 2. c4 Nc6 3. g3 e5 4. Nc3 Bc5 5. Bg2 O-O 6. O-O d6 7. d3 a6 8. Bg5 h6
9. Bxf6 Qxf6 10. Qd2 Qe7 11. e3 Bg4 12. Nh4 Qd7 13. f4 Rae8 14. f5 Ne7 15. Qf2
Bxf5 16. Nxf5 Nxf5 17. Qxf5 Bxe3+ 18. Kh1 Qxf5 19. Rxf5 c6 20. Ne4 Re6 21. Raf1
Bd4 1-0

[Event "Karpos Open 2013"]
[Site "Skopje MKD"]
[Date "2013.03.10"]
[Round "3.65"]
[White "Veleski, Robert"]
[Black "Soilemetzidis, Konstantinos"]
[Result "1-0"]
[WhiteTitle "FM"]
[WhiteElo "2267"]
[BlackElo "1947"]
[WhiteFideId "15001008"]
[BlackFideId "4211090"]
[EventDate "2013.03.09"]

1. c4 g6 2. Nc3 Bg7 3. g3 d6 4. Bg2 e5 5. e3 Nc6 6. Nge2 Nge7 7. d3 O-O 8. O-O
Be6 9. Nd5 f5 10. f4 Qd7 11. Nec3 Kh8 12. Qa4 Nc8 13. Bd2 Nb6 14. Qd1 Nd8 15. a4
Bg8 16. a5 Nxd5 17. cxd5 a6 18. Qa4 Qe7 19. Rac1 Bf7 20. Rc2 Be8 21. Qa3 h6 22.
Rfc1 Qd7 23. Ne2 Rc8 24. Bb4 Nf7 25. fxe5 Bxe5 26. Nf4 Bxf4 27. exf4 Qd8 28.
Bc3+ Kh7 29. Qb4 Bb5 30. Qd4 Rg8 31. Re1 c5 32. dxc6 Bxc6 33. Rce2 Bxg2 34. Kxg2
Qd7 35. Kg1 Rcf8 36. Re7 Qc6 37. Qf6 Qd5 38. R1e6 1-0

[Event "Karpos Open 2013"]
[Site "Skopje MKD"]
[Date "2013.03.10"]
[Round "3.67"]
[White "Vucinic, Gojko"]
[Black "Lazov, Toni"]
[Result "1/2-1/2"]
[WhiteElo "2253"]
[BlackElo "1927"]
[WhiteFideId "945374"]
[BlackFideId "15000770"]
[EventDate "2013.03.09"]

1. e4 c5 2. Nf3 d6 3. d4 cxd4 4. Nxd4 Nf6 5. Nc3 a6 6. Bg5 Nbd7 7. Bc4 Qa5 8.
Qd2 e6 9. O-O-O b5 10. Bb3 Bb7 11. Rhe1 Be7 12. Kb1 h6 13. Bh4 Rc8 14. Nf5 exf5
15. exf5 Qc7 16. Qe2 Ne5 17. f4 Nc4 18. Rd3 Kf8 19. Bxc4 bxc4 20. Re3 Re8 21.
Bxf6 gxf6 22. Qg4 h5 23. Qd1 Qc5 24. Na4 Qb5 25. Nc3 Qxf5 26. Qe2 Qd7 27. Qxc4
f5 28. Nd5 Bxd5 29. Qxd5 Rh6 30. a3 Qb5 31. Qd4 Qc5 32. Qd3 Rg6 33. Qe2 1/2-1/2

[Event "Karpos Open 2013"]
[Site "Skopje MKD"]
[Date "2013.03.10"]
[Round "3.68"]
[White "Ratkovic, Miloje"]
[Black "Vukelic, Zvonimir"]
[Result "1-0"]
[WhiteElo "2249"]
[BlackElo "1920"]
[WhiteFideId "914517"]
[BlackFideId "15001512"]
[EventDate "2013.03.09"]

1. d4 d5 2. c4 c6 3. Nc3 dxc4 4. a4 e6 5. e3 Nf6 6. Bxc4 Be7 7. Nf3 b6 8. O-O
O-O 9. Qe2 Bb7 10. Rd1 Qc7 11. e4 Re8 12. Bg5 h6 13. Bh4 Nh7 14. Bg3 Bd6 15. e5
Be7 16. Rac1 Nd7 17. Ne4 Ndf8 18. Ba6 Rad8 19. Nd6 Bxd6 20. exd6 Qc8 21. Bxb7
Qxb7 22. Qe4 Qa6 23. Qxc6 Rc8 24. d7 Nxd7 25. Qxd7 Nf6 26. Qb5 Qb7 27. Ne5 Red8
28. Rxc8 Rxc8 29. Nc4 Rd8 30. a5 Rd5 31. Qb3 b5 32. Ne3 Rd7 33. Be5 Ne4 34. d5
f6 35. dxe6 Rxd1+ 36. Qxd1 fxe5 37. Qd8+ Kh7 38. e7 Nf6 39. e8=Q Nxe8 40. Qxe8
e4 41. h3 a6 42. b4 g6 43. Qe6 h5 44. Nd5 Kh6 45. Ne7 1-0

[Event "Karpos Open 2013"]
[Site "Skopje MKD"]
[Date "2013.03.10"]
[Round "3.69"]
[White "Ivanov, Stojan Emilov"]
[Black "Zdravkovic, Dragan S"]
[Result "1-0"]
[WhiteElo "2238"]
[BlackElo "1913"]
[WhiteFideId "2903245"]
[BlackFideId "912867"]
[EventDate "2013.03.09"]

1. d4 Nf6 2. Nf3 c5 3. e3 g6 4. Be2 Bg7 5. O-O cxd4 6. exd4 O-O 7. Re1 d5 8. c3
Nc6 9. h3 Ne4 10. Bf4 e6 11. Nbd2 f5 12. Bb5 h6 13. Bxc6 bxc6 14. Be5 Ba6 15.
Bxg7 Kxg7 16. Ne5 Qc7 17. Nxe4 dxe4 18. b4 Rad8 19. Re3 Qb7 20. Rg3 Rf6 21. Qh5
Rg8 22. Rxg6+ Rxg6 23. Qxg6+ Kh8 24. Qxh6+ 1-0

[Event "Karpos Open 2013"]
[Site "Skopje MKD"]
[Date "2013.03.10"]
[Round "3.70"]
[White "Asani, Adem"]
[Black "Sorgic, Dragan"]
[Result "1-0"]
[BlackTitle "FM"]
[WhiteElo "1944"]
[BlackElo "2232"]
[WhiteFideId "906581"]
[BlackFideId "909360"]
[EventDate "2013.03.09"]

1. e4 c5 2. c3 d6 3. Nf3 Nf6 4. d3 g6 5. h3 Bg7 6. Be2 O-O 7. O-O Nc6 8. Bf4 Rb8
9. Nbd2 b5 10. d4 cxd4 11. cxd4 Nd7 12. Be3 a6 13. Rc1 Bb7 14. a3 e6 15. Nb1 Ne7
16. Bd3 Nf6 17. Nc3 Rc8 18. Nd2 Nd7 19. f3 f5 20. Ne2 Nc6 21. b4 Qe7 22. Bb1 Kh8
23. Nb3 g5 24. f4 fxe4 25. Bxe4 gxf4 26. Nxf4 1-0

[Event "Karpos Open 2013"]
[Site "Skopje MKD"]
[Date "2013.03.10"]
[Round "3.71"]
[White "Klemencic, Gorazd"]
[Black "Georgieva, Emilia"]
[Result "1-0"]
[WhiteElo "2225"]
[BlackElo "1904"]
[WhiteFideId "14600820"]
[BlackFideId "2902451"]
[EventDate "2013.03.09"]

1. d4 c6 2. e3 d5 3. Bd3 Nf6 4. b3 g6 5. Bb2 Bg7 6. Nd2 O-O 7. Qe2 b6 8. Ngf3 a5
9. O-O a4 10. c4 a3 11. Bc3 Bg4 12. Rac1 Re8 13. h3 Bf5 14. e4 dxe4 15. Nxe4
Nxe4 16. Bxe4 Bxe4 17. Qxe4 e6 18. Rfd1 Ra7 19. h4 h5 20. Rd3 Qe7 21. Rcd1 Rc7
22. Ne5 Rec8 23. Bd2 Nd7 24. Bg5 Qe8 25. Bf4 Nf6 26. Qe1 Rb7 27. Qb4 Qe7 28. Qd2
Nh7 29. Nf3 Bf6 30. g3 b5 31. cxb5 Rxb5 32. Rc1 Kh8 33. Rc4 Rd5 34. Qc1 Qb7 35.
Rdc3 c5 36. b4 Rcd8 37. bxc5 Bxd4 38. Nxd4 e5 39. Rb3 Qe7 40. Qe3 Qe8 41. Nf3
Rd1+ 42. Kh2 f6 43. Bxe5 Qf7 44. Rf4 Kg8 45. Bd6 Qd5 46. Rd4 Rxd4 47. Qxd4 Qc6
48. Rb6 Qe8 49. Qd5+ Kh8 50. Rb7 1-0

[Event "Karpos Open 2013"]
[Site "Skopje MKD"]
[Date "2013.03.10"]
[Round "3.73"]
[White "Bogoevski, Jani"]
[Black "Atanasov, Sande"]
[Result "1-0"]
[WhiteTitle "FM"]
[WhiteElo "2217"]
[BlackElo "1891"]
[WhiteFideId "15000435"]
[BlackFideId "15001539"]
[EventDate "2013.03.09"]

1. d4 Nf6 2. Nf3 d5 3. Bf4 h6 4. e3 Nh5 5. Be5 Nc6 6. Nbd2 Nxe5 7. Nxe5 g6 8.
Bd3 Bg7 9. Nxg6 Nf6 10. Nxh8 Bxh8 11. c3 Bg4 12. f3 Bh5 13. Qc2 Qd6 14. g4 Bg6
15. Bxg6 fxg6 16. Qxg6+ Kd7 17. O-O-O b5 18. Qxh6 e6 1-0

[Event "Karpos Open 2013"]
[Site "Skopje MKD"]
[Date "2013.03.10"]
[Round "3.74"]
[White "Ajrula, Adnan"]
[Black "Dimic, Pavle"]
[Result "0-1"]
[BlackTitle "FM"]
[WhiteElo "1917"]
[BlackElo "2212"]
[WhiteFideId "15002713"]
[BlackFideId "937428"]
[EventDate "2013.03.09"]

1. d4 Nf6 2. Nf3 g6 3. Nc3 d5 4. Bf4 Bg7 5. h3 O-O 6. e3 c6 7. Bd3 Nbd7 8. Ne5
Ne8 9. Nxd7 Bxd7 10. O-O f6 11. e4 e5 12. dxe5 fxe5 13. Bg3 d4 14. Ne2 Qe7 15.
f4 Nd6 16. fxe5 Bxe5 17. Qe1 c5 18. Bxe5 Qxe5 19. Qg3 Qxg3 20. Nxg3 Rae8 21. b3
Bc6 22. Rae1 Re5 23. Rxf8+ Kxf8 24. Kf2 Ke7 25. Kf3 b5 26. h4 Kf6 27. a3 Re8 28.
Kf4 Nf7 29. Rc1 Ne5 30. Ne2 c4 31. Nxd4 cxd3 32. Nxc6 d2 33. Rd1 Nxc6 34. Rxd2
Rd8 35. Rf2 a5 36. g4 b4 37. axb4 axb4 38. Ke3+ Ke7 39. g5 Ne5 40. Rf4 Rd1 41.
Ke2 Rh1 42. Ke3 Rd1 43. Ke2 Rd4 44. Ke3 Rd8 45. h5 Rd1 46. hxg6 hxg6 47. Ke2 Rg1
48. Rf6 Kd7 49. Rb6 Nc6 50. Rb7+ Kd6 51. Kd3 Rxg5 0-1

[Event "Karpos Open 2013"]
[Site "Skopje MKD"]
[Date "2013.03.10"]
[Round "3.75"]
[White "Jankov, Dejan"]
[Black "Aksoy, Atilla"]
[Result "1-0"]
[WhiteElo "2207"]
[BlackElo "1791"]
[WhiteFideId "15000931"]
[BlackFideId "6332404"]
[EventDate "2013.03.09"]

1. d4 Nf6 2. c4 e6 3. Nf3 c5 4. e3 cxd4 5. exd4 d5 6. Bd3 dxc4 7. Bxc4 Be7 8.
O-O O-O 9. Nc3 Nbd7 10. Qe2 Nb6 11. Bd3 Nbd5 12. Rd1 a6 13. Ne5 Bd7 14. Bg5 Rc8
15. Rac1 Nxc3 16. bxc3 Ba4 17. Re1 Ba3 18. Ng4 Bxc1 19. Rxc1 Kh8 20. Nxf6 Qa5
21. Qe4 Qf5 22. Qe3 Qa5 23. Qh3 1-0

[Event "Karpos Open 2013"]
[Site "Skopje MKD"]
[Date "2013.03.10"]
[Round "3.76"]
[White "Batkoski, Nenad"]
[Black "Ashiku, Franc"]
[Result "0-1"]
[WhiteElo "1901"]
[BlackElo "2202"]
[WhiteFideId "15002780"]
[BlackFideId "4700066"]
[EventDate "2013.03.09"]

1. e4 c5 2. Nf3 Nc6 3. c3 d5 4. e5 a6 5. d4 cxd4 6. cxd4 Bg4 7. Nc3 e6 8. Be3
Qb6 9. Qd2 Bxf3 10. gxf3 Rc8 11. a3 Qb3 12. Be2 Na5 13. Bd1 Qc4 14. Be2 Qc6 15.
Qd1 Ne7 16. Na4 Nf5 17. Rc1 Qd7 18. Bd2 Rxc1 19. Qxc1 Nb3 20. Qc3 Nxd2 21. Kxd2
Qxa4 22. Ke1 0-1

[Event "Karpos Open 2013"]
[Site "Skopje MKD"]
[Date "2013.03.10"]
[Round "3.77"]
[White "Petrov, Georgi"]
[Black "Aksoy, Ayca"]
[Result "1-0"]
[WhiteElo "2200"]
[BlackElo "1707"]
[WhiteFideId "15001440"]
[BlackFideId "6355978"]
[EventDate "2013.03.09"]

1. Nf3 d5 2. d4 Nf6 3. Bf4 c5 4. c3 Qb6 5. Qb3 c4 6. Qc2 Nc6 7. e3 Bf5 8. Qc1 e6
9. Nbd2 h6 10. Be2 Be7 11. O-O O-O 12. b3 Qa5 13. bxc4 Ba3 14. Nb3 Bxc1 15. Nxa5
Bb2 16. Nxc6 bxc6 17. Rad1 Bxc3 18. c5 a5 19. Bd3 Ne4 20. Ne5 Nd2 21. Bxf5 Nxf1
22. Kxf1 exf5 23. Nxc6 Rfe8 24. Bd6 f6 25. Ne7+ Rxe7 26. Bxe7 Ra7 27. Bd6 Bb4
28. Rb1 Ra6 29. Rb3 Kh7 30. a3 Bd2 31. Ke2 Bc1 32. Kd1 1-0

[Event "Karpos Open 2013"]
[Site "Skopje MKD"]
[Date "2013.03.10"]
[Round "3.78"]
[White "Stefanov, Emil"]
[Black "Ilic, Ljubomir"]
[Result "1/2-1/2"]
[BlackTitle "FM"]
[WhiteElo "1893"]
[BlackElo "2198"]
[WhiteFideId "2914794"]
[BlackFideId "15000540"]
[EventDate "2013.03.09"]

1. d4 Nf6 2. c4 c5 3. d5 b5 4. cxb5 a6 5. b6 Qxb6 6. Nc3 g6 7. Nf3 Bg7 8. e4 d6
9. Nd2 O-O 10. Be2 Nbd7 11. Nc4 Qc7 12. O-O Nb6 13. Ne3 e5 14. a4 Bd7 15. a5 Nc8
16. Qc2 Qb7 17. Bd2 Bh6 18. Rfb1 Bxe3 19. Bxe3 Na7 20. f4 exf4 21. Bxf4 Ne8 22.
Bh6 Ng7 23. e5 dxe5 24. Ne4 Nb5 25. Bxb5 Bxb5 26. Nf6+ Kh8 27. Qxc5 Rfc8 28. Qe3
Qe7 29. Bg5 Qc5 30. Rc1 Qxe3+ 31. Bxe3 Nf5 32. Bc5 Kg7 33. Ne4 Nd4 34. Bxd4
Rxc1+ 35. Rxc1 exd4 1/2-1/2

[Event "Karpos Open 2013"]
[Site "Skopje MKD"]
[Date "2013.03.10"]
[Round "3.80"]
[White "Yildiz, Mustafa"]
[Black "Arat, Ufuk Sezen"]
[Result "0-1"]
[WhiteElo "1858"]
[BlackElo "2188"]
[WhiteFideId "6302998"]
[BlackFideId "6309089"]
[EventDate "2013.03.09"]

1. e4 g6 2. d4 Bg7 3. Nf3 d6 4. g3 c5 5. c3 b6 6. Bg2 Ba6 7. Be3 Qd7 8. Qc2 Nf6
9. h3 O-O 10. c4 cxd4 11. Nxd4 e5 12. Ne2 Rc8 13. Nd2 d5 14. exd5 Nxd5 15. O-O
Nxe3 16. fxe3 Bb7 17. e4 Nc6 18. Nc3 Nb4 19. Qb3 Qxd2 20. Qxb4 Qd4+ 21. Kh2 Qxc4
22. Qxc4 Rxc4 0-1

[Event "Karpos Open 2013"]
[Site "Skopje MKD"]
[Date "2013.03.10"]
[Round "3.81"]
[White "Tairi, Krenar"]
[Black "Ozkan, Ervin"]
[Result "1-0"]
[WhiteElo "1835"]
[BlackElo "2184"]
[WhiteFideId "15001679"]
[BlackFideId "6306004"]
[EventDate "2013.03.09"]

1. d4 Nf6 2. c4 g6 3. Nc3 Bg7 4. e4 d6 5. f3 O-O 6. Nge2 e5 7. Be3 Nc6 8. d5 Ne7
9. Qd2 c6 10. O-O-O cxd5 11. cxd5 Qa5 12. Kb1 Bd7 13. Nc1 Ba4 14. Nxa4 Qxa4 15.
Bd3 Rfc8 16. Nb3 Qd7 17. Rc1 a6 18. Rxc8+ Rxc8 19. Rc1 Nh5 20. Rxc8+ Nxc8 21.
Na5 Nf4 22. Bf1 f5 23. g3 Nh5 24. Bh3 Ne7 25. Nc4 b5 26. Na5 Nf6 27. Qc2 g5 28.
Bxg5 Qe8 29. Nc6 fxe4 30. fxe4 Ng6 31. Bf5 Nf8 32. g4 Ng6 33. Qf2 Nd7 34. Bxg6
hxg6 35. Ne7+ 1-0

[Event "Karpos Open 2013"]
[Site "Skopje MKD"]
[Date "2013.03.10"]
[Round "3.82"]
[White "Pencheva, Iva"]
[Black "Mitkovski, Zarko"]
[Result "0-1"]
[WhiteElo "1803"]
[BlackElo "2170"]
[WhiteFideId "2906457"]
[BlackFideId "15000150"]
[EventDate "2013.03.09"]

1. e4 g6 2. d4 Bg7 3. c3 d5 4. exd5 Qxd5 5. Nf3 Nf6 6. Be2 O-O 7. O-O Nbd7 8.
Bf4 c5 9. dxc5 Nxc5 10. Qc1 Nd3 11. Bxd3 Qxd3 12. Re1 Re8 13. Qe3 Qxe3 14. Bxe3
b6 15. a4 Bb7 16. Nbd2 Nd5 17. a5 Nxe3 18. Rxe3 Bd5 19. h3 b5 20. Rae1 e6 21.
Ne4 Red8 22. Rd1 Rab8 23. Nc5 Rbc8 24. b4 Bf8 25. Ne4 Be7 26. Rd4 Rc7 27. Nfd2
f5 28. Nc5 Bxc5 29. bxc5 Rdc8 30. c4 bxc4 31. Nxc4 Rxc5 32. Nd6 Rb8 33. Re1 Rxa5
34. Rc1 Ra2 35. Rd3 Rd8 36. Nb7 Rd7 37. Rc8+ Kg7 38. Nc5 Re7 39. Rd1 a5 40. Rb1
a4 41. Rbb8 a3 42. Rg8+ Kh6 0-1

[Event "Karpos Open 2013"]
[Site "Skopje MKD"]
[Date "2013.03.10"]
[Round "3.87"]
[White "Gjeorgjievski, Done"]
[Black "Alishani, Ibrahim"]
[Result "0-1"]
[WhiteElo "1779"]
[BlackElo "2167"]
[WhiteFideId "15002748"]
[BlackFideId "939609"]
[EventDate "2013.03.09"]

1. e4 c5 2. Nf3 d6 3. d4 cxd4 4. Nxd4 Nf6 5. Nc3 a6 6. Be3 e6 7. f3 Be7 8. Qd2
b5 9. g4 Bb7 10. O-O-O Nc6 11. h4 Rc8 12. Kb1 Qc7 13. h5 Nd7 14. Bd3 Nde5 15.
Qe2 Na5 16. f4 Nec4 17. Bd2 Bf6 18. Qf2 Qc5 19. Nce2 e5 20. g5 Be7 21. f5 Nxd2+
22. Rxd2 Bxg5 23. Qg3 Bxd2 24. Qxg7 Rf8 25. Nf3 Qe3 26. Nh4 Bxe4 0-1

[Event "Karpos Open 2013"]
[Site "Skopje MKD"]
[Date "2013.03.10"]
[Round "3.88"]
[White "Steil-Antoni, Fiona"]
[Black "Ipekci, Baris"]
[Result "1/2-1/2"]
[WhiteTitle "WIM"]
[WhiteElo "2152"]
[BlackElo "1671"]
[WhiteFideId "4001249"]
[BlackFideId "6302823"]
[EventDate "2013.03.09"]

1. e4 d5 2. exd5 Qxd5 3. Nc3 Qa5 4. d4 Nf6 5. Nf3 Bf5 6. Bd2 c6 7. Ne4 Qc7 8.
Nxf6+ gxf6 9. g3 e6 10. Bg2 Bd6 11. O-O Bg4 12. c4 Nd7 13. Qa4 Bxf3 14. Bxf3 O-O
15. Rfe1 Kh8 16. b4 Rg8 17. c5 Bf4 18. Bxf4 Qxf4 19. Bg2 Qc7 20. b5 cxb5 21.
Qxb5 Rab8 22. Rac1 f5 23. d5 e5 24. d6 Qc8 25. h4 Qd8 26. Kf1 f4 27. Bh3 fxg3
28. f3 g2+ 29. Bxg2 Rxg2 30. Kxg2 Qxh4 31. Rg1 1/2-1/2

[Event "Karpos Open 2013"]
[Site "Skopje MKD"]
[Date "2013.03.10"]
[Round "3.93"]
[White "Cherednichenko, Elena"]
[Black "Silivri, Volkan Resat"]
[Result "1-0"]
[WhiteTitle "WFM"]
[WhiteElo "2175"]
[BlackElo "1674"]
[WhiteFideId "14105560"]
[BlackFideId "6331521"]
[EventDate "2013.03.09"]

1. d4 d5 2. Nf3 Nf6 3. e3 c6 4. c4 e6 5. Bd3 Nbd7 6. O-O Be7 7. b3 O-O 8. Nbd2
b6 9. Bb2 Bb7 10. Qc2 c5 11. Ne5 cxd4 12. exd4 h6 13. f4 Nxe5 14. fxe5 Ng4 15.
Rfe1 Bg5 16. Nf1 h5 17. h3 Nh6 18. Nh2 Bf4 19. Qe2 g6 20. Rf1 Bg5 1-0

[Event "Karpos Open 2013"]
[Site "Skopje MKD"]
[Date "2013.03.10"]
[Round "3.94"]
[White "Uyanik, Mehmet"]
[Black "Gjorshev, Ljupcho"]
[Result "1/2-1/2"]
[WhiteElo "1672"]
[BlackElo "2166"]
[WhiteFideId "6363164"]
[BlackFideId "15003531"]
[EventDate "2013.03.09"]

1. e4 e5 2. Nf3 Nc6 3. Bb5 Bc5 4. c3 Qf6 5. O-O Nge7 6. d3 h6 7. Be3 Bxe3 8.
fxe3 Qg6 9. Bc4 O-O 10. Qe1 d6 11. Nbd2 Be6 12. Kh1 Bxc4 13. Nxc4 f5 14. exf5
Rxf5 15. e4 Rf4 16. Ne3 Qh5 17. Qd1 Qf7 18. g3 Rf6 19. Ng4 Rxf3 20. Rxf3 Qg6 21.
Qb3+ Kh7 22. Ne3 Kh8 23. Raf1 Rg8 24. Rf8 Qg5 25. Rxg8+ Nxg8 26. Rf8 Ne7 27. Nf5
Kh7 28. Nxe7 Nxe7 29. Qd1 d5 30. Qf1 dxe4 31. dxe4 h5 32. Qf3 h4 33. Kg2 a6 34.
Rb8 b6 35. Rb7 Ng6 36. Qf5 Qd2+ 37. Kh3 Kh6 38. Rxc7 Nf4+ 39. gxf4 Qe3+ 40. Kg2
Qe2+ 41. Kg1 Qe1+ 42. Kg2 Qe2+ 43. Kh3 Qf3+ 44. Kxh4 Qf2+ 45. Kg4 Qg2+ 1/2-1/2

[Event "Karpos Open 2013"]
[Site "Skopje MKD"]
[Date "2013.03.10"]
[Round "3.95"]
[White "Peev, Kosta"]
[Black "Petkovski, Vlatko"]
[Result "0-1"]
[BlackTitle "FM"]
[WhiteElo "1648"]
[BlackElo "2158"]
[WhiteFideId "15001660"]
[BlackFideId "15000273"]
[EventDate "2013.03.09"]

1. d4 Nf6 2. Nf3 c5 3. e3 g6 4. b3 Bg7 5. Bb2 O-O 6. Bd3 d6 7. O-O Nbd7 8. Nbd2
b6 9. Qe2 a6 10. a4 Bb7 11. Rfd1 Qc7 12. e4 cxd4 13. Bxd4 e5 14. Bb2 d5 15. exd5
Nxd5 16. Bc4 e4 17. Bxg7 exf3 18. Nxf3 Rfe8 19. Qd2 Kxg7 20. Bxd5 Bxd5 21. Qxd5
Nf6 22. Qd4 Qxc2 23. Qxb6 Reb8 24. Qd4 Qxb3 25. Rd3 Qc2 26. Rd2 Qf5 27. Rad1 a5
28. h3 Rb4 29. Qa1 Rc8 30. Nd4 Qe4 31. Re2 Qf4 32. g3 Qg5 33. h4 Qg4 34. Ne6+
fxe6 35. Rd7+ Kh6 36. Qxf6 Qf5 37. Qe7 Kh5 38. Rxe6 Kg4 39. Re5 Rc1+ 40. Re1
Rxe1+ 41. Qxe1 Qxd7 42. Qe2+ Kf5 43. Qf3+ Ke6 0-1